000 02368cam a22005174i 4500
003 PE-LiUPU
005 20250731173535.0
008 150616s1995 tnu rb 000 0 eng d
020 _a080540127X
035 _a(Sirsi) i9780805401271
040 _aPE-LiUPU
_bspa
_cPE-LiUPU
_erda
049 _aPRUA
082 0 4 _a225.077
_bN
_221
100 1 _aMounce, Robert H.,
_eautor.
245 1 0 _aRomans.
_n27 /
_cRobert H. Mounce.
264 1 _aNashville, Tennessee :
_bBroadman & Holman Publishers,
_c1995.
300 _a301 páginas ;
_c23 centímetros.
336 _atext
_2rdacontent
337 _aunmediated
_2rdamedia
338 _avolume
_2rdacarrier
490 1 _aThe New American Commentary ;
_v27
504 _aBibliografía al pie de pag.
505 0 _aThe unrighteousness of all humankind -- The righteousness only God can provide -- The righteousness in which we are to grow -- God's righteousness vindicated.
526 _aSEG42
526 _aSEG41
526 _aSEG40
526 _aSEG39
526 _aP94
526 _aP87
526 _aP86
526 _aP85
526 _aP77
526 _aP76
526 _aP35
630 _aBiblia.
_pN.T.
_pRomanos
_xComentarios.
910 _ajck
_bjvq
_cjck
942 _2ddc
_cBOOK
949 _aPGT 225.077 N 27
_wDEWEY
_c1
_i71891
_d2016-10-21
_e2016-10-20
_lCCODEBUL1
_mBUL
_n1
_p17.00
_r0
_sY
_tBOOK
_u2015-8-24
_xTEOLOGIA
_PP85
_0COMPRA
_o.CIRCNOTE. No olvidar cambiar la fecha de devolución!!!!!!!
_o.STAFF. Posgrado
949 _aRC 225.077 N 27
_wDEWEY
_c1
_i42411
_d2015-10-6
_lCCODEBUL1
_mBUL
_q1
_r0
_sY
_tBOOK
_u2015-6-16
_xTEOLOGIA
_zUNKNOWN
_0COMPRA
_o.CIRCNOTE. No olvidar cambiar la fecha de devolución!!!!!!!
_o.STAFF. Colección Teología
994 _aC0
_bPEPRU
596 _a1
999 _aRC 225.077 N 27
_wDEWEY
_c60248
_i42411
_d60248
_f2021-11-8
_g6
_lCCODEBUL1
_mBUL
_q3
_r1
_sY
_tBOOK
_u2015-6-16
_xTEOLOGIA
_zUNKNOWN
_0COMPRA
_o.CIRCNOTE. No olvidar cambiar la fecha de devolución!!!!!!!
_o.STAFF. Colección General
999 _aPGT 225.077 N 27
_wDEWEY
_c1
_i71891
_d2018-11-21
_e2016-10-20
_f2021-11-9
_g5
_lCCODEBUL1
_mBUL
_n1
_p17.00
_q1
_r0
_sY
_tBOOK
_u2015-8-24
_xTEOLOGIA
_PP85
_0COMPRA
_o.CIRCNOTE. No olvidar cambiar la fecha de devolución!!!!!!!
_o.STAFF. Colección Teología
980 _81
_gALBERTO SANCHEZ Responsable de Automatización